Statystyki dla Boczne kanały znanych polskich youtuberów

Kliknij tutaj aby rozwiązać quiz!

Ogólne statystyki

  • Ten quiz został rozwiązany 92 razy
  • Średni wynik to 8 z 16

Statystyki odpowiedzi

Nazwy Bocznych KanałówYoutuber% Poprawnych
Zapytaj BeczkęKrzysztof Gonciarz
83%
Chiński Express / Polish SausagePlaneta Faktów
83%
REAKTOR / iDEL / masnoBoxdel
82%
Do Roboty / Jak TO robić? / NIEPRZYGOTOWANIAbstrachujeTV
78%
x-com AGO / Full FocusGimper
78%
Adam i Adam PodcastNaruciak
73%
MotoŻiŻeJDeeJayPallaside
61%
niemuzyka / Dwóch Typów PodcastGargamel
56%
PIĘCIOBÓJ - Real Life Games / Castorama Polska5 sposobów na...
43%
PrzeGryw / CoSięCoSię StałoZ Dupy
40%
FartuchyreZigiusz
34%
DoradcaSmaku / ogi100vlogKocham Gotować
32%
BJJB Reloaded / Tube RaidersAdBuster
30%
YouTuborniak ZłośliwyMandzio
24%
Czarmander StudioBladii
13%
GRAjdołekZiemniak
10%

Rozkład punktacji

Percentyl według liczby udzielonych odpowiedzi

Procent ludzi z każdym wynikiem

Twoja historia wyników

Nie rozwiązałeś tego quizu